MARC

LEADER 00000nam0a2200000 4500
001 325571
005 20231102003757.0
035 |a (RuTPU)RU\TPU\book\351185 
090 |a 325571 
100 |a 20161208d1978 k y0rusy50 ca 
101 0 |a rus 
102 |a GE 
105 |a a z 001zy 
200 1 |a Физика облаков и активных воздействий  |e [сборник статей]  |f Закавказский региональный научно-исследовательский гидрометеорологический институт (ЗакНИГМИ) ; под ред. И. Т. Бартишвили 
210 |a Тбилиси  |c Изд-во ЗакНИГМИ  |d 1978 
215 |a 83 с.  |c ил. 
225 1 |a Труды Закавказского научно-исследовательского гидрометеорологического института (ЗакНИГМИ)  |v Вып. 67 (73) 
320 |a Библиогр. в конце ст. 
606 1 |a Облака  |x Физика  |2 stltpush  |3 (RuTPU)RU\TPU\subj\46388  |9 65528 
606 1 |a Погода  |x Искусственное изменение  |2 stltpush  |3 (RuTPU)RU\TPU\subj\49516  |9 68304 
610 1 |a кинетика 
610 1 |a коагуляция 
610 1 |a дробление 
610 1 |a кристаллизация 
610 1 |a порошкообразные реагенты 
610 1 |a градовые процессы 
610 1 |a физические основы 
675 |a 551.576  |v 4 
675 |a 551.509.6  |v 4 
702 1 |a Бартишвили  |b И. Т.  |4 340 
712 0 2 |a Закавказский региональный научно-исследовательский гидрометеорологический институт (ЗакНИГМИ)  |c (Тбилиси)  |2 stltpush  |3 (RuTPU)RU\TPU\col\18863 
801 1 |a RU  |b 63413507  |c 20161208 
801 2 |a RU  |b 63413507  |c 20161209  |g RCR 
942 |c BK